Sevilla FC Squad 2019-2020 - Statistics

General Stats
  • This quiz has been taken 28 times
  • The average score is 18 of 28
Answer Stats
# Position Nation Player % Correct
5 FW Argentina Lucas Ocampos
100%
16 DF Spain Jesús Navas
93%
12 DF France Jules Koundé
93%
1 GK Czech Republic Tomáš Vaclík
93%
20 DF Brazil Diego Carlos
86%
13 GK Morocco Yassine Bounou
86%
10 MF Argentina Éver Banega
79%
24 MF Spain Joan Jordán
79%
- Coach Spain Julen Lopetegui
79%
17 MF Serbia Nemanja Gudelj
79%
15 FW Morocco Youssef En-Nesyri
79%
19 FW Netherlands Luuk de Jong
71%
11 FW Morocco Munir El Haddadi
71%
23 DF Spain Sergio Reguilón
71%
14 FW Spain Suso
71%
6 DF Portugal Daniel Carriço
64%
9 FW Israel Munas Dabbur
64%
3 DF Spain Sergi Gómez
64%
25 MF Brazil Fernando Reges
57%
21 MF Spain Óliver Torres
57%
18 DF Spain Sergio Escudero
57%
14 FW Mexico Javier Hernández
50%
7 FW Portugal Rony Lopes
50%
22 MF Argentina Franco Vázquez
43%
30 FW Spain Bryan Gil
36%
8 FW Spain Nolito
29%
31 GK Spain Javi Díaz
14%
15 DF Spain Alejandro Pozo
7%
No matching quizzes found
Score Distribution
Percent of People with Each Score
Percentile by Number Answered
Your Score History
You have not taken this quiz